000 01548nam a2200409 i 4500
001 25572
003 KOSZ 005
005 20220121141334.0
008 080218s1967 pl a f 001 0 pol
015 _aPB 1967/4951
040 _aWA N
_cWA N
_dKOSZ 005/RW
041 1 _apol
_hrus
046 _k1967
080 _a621
100 1 _aNesmelov, Aleksej Fedorovič.
_eAutor
245 1 0 _aNarzędzia diamentowe w przemyśle /
_cA. F. Niesmiełow ; tłumaczenie Wiktor Chrostowski, Władysław Ciesielski, Stefan Skupiński.
246 1 _iTytuł oryginału:
_aAlmaznye instrumenty v promyšlennosti.
260 _aWarszawa :
_bWydawnictwa Naukowo-Techniczne,
_c1967.
300 _a302, [2] strony :
_bilustracje ;
_c25 cm.
336 _aTekst
_btxt
_2rdacontent
337 _aBez urządzenia pośredniczącego
_bn
_2rdamedia
338 _aWolumin
_bnc
_2rdacarrier
380 _aKsiążki
388 _a1901-2000
504 _aBibliografia na stronach 282-[286]. Indeks.
521 _aDla inżynierów i studentów.
658 _aInżynieria i technika
650 4 _aPrzemysł
650 4 _aUrządzenia
650 4 _aNarzędzia diamentowe
700 1 _aChrostowski, Wiktor.
_eTłumaczenie
700 1 _aCiesielski, Władysław.
_eTłumaczenie
710 2 _aWydawnictwa Naukowo-Techniczne
_4pbl.
700 1 _aSkupiński, Stefan
_eTłumaczenie
856 _uhttp://koha.tu.koszalin.pl/cgi-bin/koha/opac-detail.pl?biblionumber=25572
_yKatalog online BPK
942 _2UKD
_cKS
999 _c25572
_d25572